Porous building materials materials science for architectural conservation

Saved in:
Bibliographic Details
Main Author: Torraca, Giorgio
Format: Book
Language:English
Published: Rím ICCROM 2005
Online Access:View in OPAC
Tags: Add Tag
No Tags, Be the first to tag this record!

MARC

LEADER 00000nam a2200000 a 4500
005 20260127134238.0
008 161207 2005 a 000 0 eng d
020 |a 9290771984 
035 |a vtls011598136 
039 9 |y 201612071133  |z mschk03 
040 |a STUSCHK1  |b slo  |c STUSCHK1  |e AACR2 
100 1 |a Torraca, Giorgio 
245 1 |a Porous building materials  |b materials science for architectural conservation  |c Giorgio Torraca 
260 |a Rím  |b ICCROM  |c 2005 
300 |a 149 s.  |b il.  |c 24 cm 
910 |a SCHK95 
919 |a 92-9077-198-4 
999 |c 7718  |d 7718